00575nam a22001691a 4500008004100000082001900041100001600060245003000076260003600106300001900142650001800161650005600179650002700235942001200262999001700274952011400291220501s1991 xx 000 0 eng d a658.402bADA-E aAdair, John aEffective team building / bRupa & co ,c1991.aNew Delhi : aviii, 212 p. ; aGeneral Books aManagement - Employee participation - United States aTeams in the workplace 2ddccBK c20433d20433 00102ddc4070aSOBDbSOBDd2024-03-27fINRg40.00l0o658.402 ADA-E1pSD2140r2024-03-27t1w2024-03-27yBK